Живое прошлое Земли (Запис № 459639)

МАРК-запис
000 -Лідер
fixed length control field 00546nam a22002057a 4500
001 - Контрольний номер
control field 216218696
003 - Ідентифікатор контрольного номера
control field UA-OsUOA
005 - Дата та час останнього входження (трансакції)
control field 20200623102550.0
008 - Елементи даних фіксованої довжини – загальна інформація
fixed length control field 200623b un ||||| |||| 00| 0 ukr d
040 ## - Джерело каталогізації
Агенція оригінальної каталогізації UA-OsUOA
Мова каталогізації ukr
Агенція, яка здійснювала перезапис UA-OsUOA
Агенція, яка здійснювала модифікацію UA-OsUOA
041 ## - Код мови
Код мови тексту/ звукової доріжки чи окремого заголовка (П) ukr
080 ## - Індекс Універсальної десяткової класифікації
Індекс Універсальної десяткової класифікації (УДК) (НП) 56
090 ## - Локальний шифр розміщення
Класифікаційний індекс УДК 56
Авторський знак (НП) І-23
100 ## - Основне введення – ім’я особи
Ім’я особи (НП) Ивахненко М. Ф
245 ## - Відомості про назву
Назва (НП) Живое прошлое Земли
Дані про відповідальність (НП) М. Ф. Ивахненко
260 ## - Публікація, розповсюдження і т.п. (Вихідні дані)
Місце публікації, розповсюдження і т.п. (П) Москва
Ім’я/ наймення видавництва, розповсюджувача і т.п. (П) Просвещение
Дата публікації, розповсюдження і т.п. (П) 1987
300 ## - Фізичний опис
Обсяг 251 с.
650 ## - Додаткове предметне введення – тематичний термін
Джерело заголовка чи терміна 56
942 ## - Додаткові елементи входу (Коха)
Source of classification or shelving scheme Universal Decimal Classification
Тип елемента Koha Книги
Фонди
Стан вилучень Стан втрат Джерело класифікації або схеми стелажів Стан уражень Не для кредиту Постійне місце розташування Поточне розміщення Дата придбання Інвентарний номер Усього замовленно Повний номер виклику Штрих-код Дата останнього перегляду Ціна ефективна від Тип елемента Koha
    Universal Decimal Classification     АБ - Абонемент НБ АБ - Абонемент НБ 23/06/2010 29396   56 І-23 29396 25/08/2022 23/06/2020 Книги